000 00971nam a22002537a 4500
999 _c65824
_d65824
005 20240530110845.0
008 201005s2020 ua f 000 0 ara d
017 _a2018/20368
_bمصر. دار الكتب
020 _a9789777537056
040 _aEG-CaGPL
_cEG-CaGPL
082 0 4 _221
_a657.48/
_bز م
100 0 _aزبير عياش
245 1 0 _aمعايير المحاسبة الدولية ومعايير الابلاغ المالى الدولى :
_bIAS / IFRS /
_cزبير عياش، خلف الله بن يوسف
250 _aط.1
260 _aالقاهرة :
_bمكتبة الوفاء القانونية ،
_c2020.
300 _a212 ص. ؛
_c24 سم.
650 0 7 _2qrmak
_aالادارة المالية
650 0 7 _2qrmak
_aالتقارير المالية
650 0 7 _2qrmak
_aالمحاسبة المالية
650 0 7 _2qrmak
_aمراجعة الحسابات
651 _2qrmak
942 _2ddc
_cBK